| 000 | 00519nam a2200193Ia 4500 | ||
|---|---|---|---|
| 008 | 160803s9999 xx 000 0 und d | ||
| 020 | _a978-0590383585 | ||
| 100 | _aRosales, Melodye Benson | ||
| 245 | _aLeola and the honeybears : | ||
| 245 | _c[written and illustrated by] Melodye Benson Rosales. | ||
| 260 | _aNew York : | ||
| 260 | _bScholastic Inc. | ||
| 260 | _c1999 | ||
| 300 | _a37 unnumbered pages: | ||
| 300 | _bcolor illustrations ; | ||
| 300 | _c30 cm | ||
| 650 | _aFolklore. | ||
| 700 | _a800 | ||
| 999 |
_c298339 _d298339 |
||